| Tag |
First Indicator |
Second Indicator |
Subfields |
| LEADER |
00000cam a2200000 a 4500 |
| 001 |
in00001032607 |
| 005 |
20150929082653.0 |
| 008 |
900308s1990 miua b s100 0 eng |
| 010 |
|
|
|a 90034412
|
| 035 |
|
|
|a (OCoLC)21332204
|
| 035 |
|
|
|9 AFJ6626AM
|
| 040 |
|
|
|a DLC
|c DLC
|d UtOrBLW
|
| 041 |
0 |
|
|a eng
|a fre
|
| 049 |
|
|
|a TXAM
|
| 050 |
0 |
0 |
|a HJ113
|b .I73 1988
|
| 082 |
0 |
0 |
|a 336
|2 20
|
| 110 |
2 |
|
|a International Institute of Public Finance.
|b Congress
|n (44th :
|d 1988 :
|c Istanbul, Turkey)
|
| 245 |
1 |
0 |
|a Public finance, trade, and development = Finances publiques, commerce et développement :
|b proceedings of the 44th Congress of the International Institute of Public Finance, Istanbul, 1988 /
|c edited by Vito Tanzi.
|
| 264 |
|
1 |
|a Detroit :
|b Wayne State University Press,
|c 1990.
|
| 300 |
|
|
|a xvi, 359 pages :
|b illustrations ;
|c 24 cm.
|
| 336 |
|
|
|a text
|b txt
|2 rdacontent
|
| 337 |
|
|
|a unmediated
|b n
|2 rdamedia
|
| 338 |
|
|
|a volume
|b nc
|2 rdacarrier
|
| 500 |
|
|
|a English and French.
|
| 504 |
|
|
|a Includes bibliographical references.
|
| 650 |
|
0 |
|a Finance, Public
|v Congresses.
|
| 700 |
1 |
|
|a Tanzi, Vito.
|
| 740 |
0 |
|
|a Finances publiques, commerce et developpement.
|
| 999 |
|
|
|a MARS
|
| 999 |
f |
f |
|s 245a2d57-a728-3f97-a081-a454355db3fc
|i 32146f2b-bd3f-320b-b63a-d803f5892713
|t 0
|
| 952 |
f |
f |
|p ric
|a Texas A&M University
|b Rellis Campus
|c Joint Library Facility
|d Remote Storage
|t 0
|e HJ113 .I73 1988
|h Library of Congress classification
|i unmediated -- volume
|m A14815697869
|
| 998 |
f |
f |
|a HJ113 .I73 1988
|t 0
|l Remote Storage
|